Holiday Quiz

Random Holiday or Word Play Quiz

Stupid Pirate Jokes Quiz Stats

 Plays Quiz Updated Sep 19, 2014

Also try: Pirates! Close Up
Challenge
Share
Tweet
Embed
Score 0/18 Timer 05:00
17 Plays Today
% Correct
Because booty is only shin deep.
93.3%
Davy Jones' Locker
92.1%
He used the patch!
91.9%
He passed the BAARRRR!!!
91.7%
Open up and say 'AARRRR!!!'
91.5%
Shiver me timbers!
91%
A Squashbuckler!!!
90.8%
Right where you left him.
90.7%
The left hook
90.7%
% Correct
It’s rated AARRRR!!!
90.3%
Relationships!
89.4%
Because they spend years at 'C'.
89.3%
An arm and a leg!
89.2%
AARRRRGGHyle!
88.9%
They say once ye lose yer first hand, ye get hooked!
87.6%
Their ships are always on the 'C's!
86%
Rookie!
85.4%
A buck an ear
84.4%

You're not logged in!

Compare scores with friends on all Sporcle quizzes.
Join for Free
OR
Log In

You Might Also Like...

Show Comments

Extras

Top Quizzes Today


Score Distribution

Your Account Isn't Verified!

In order to create a playlist on Sporcle, you need to verify the email address you used during registration. Go to your Sporcle Settings to finish the process.

Report this User

Report this user for behavior that violates our Community Guidelines.

Details: